[Event "TUR Cup"]
[Site "Antalya"]
[Date "2019.02.02"]
[Round "10"]
[White "Akbas, Umut Ata"]
[Black "Elalmis, Husamettin"]
[Result "1-0"]
[WhiteElo "1939"]
[BlackElo "1754"]
[PlyCount "43"]
[EventDate "2019.01.27"]
[EventType "swiss"]
[EventRounds "11"]
[EventCountry "TUR"]
[SourceTitle "CBM 188 Extra"]
[Source "ChessBase"]
[SourceDate "2019.02.26"]
[SourceVersion "1"]
[SourceVersionDate "2019.02.26"]
[SourceQuality "1"]

1. e4 c5 2. Nf3 d6 3. d4 cxd4 4. Nxd4 Nf6 5. Nc3 g6 6. Bc4 Bg7 7. Bb3 0-0 8. 0-0 Nc6 9. h3 Bd7 10. Be3 Na5 11. f4 Nxb3 12. axb3 a6 13. Qd2 Qc7 14. f5 Rfe8 15. Rf2 b5 16. Bh6 Bh8 17. fxg6 hxg6 18. Raf1 Qb7 19. Qf4 Bc6 20. Nxc6 Qxc6 21. Nd5 Ra7 22. g4 1-0

[Event "TUR Cup"]
[Site "Antalya"]
[Date "2019.01.28"]
[Round "2"]
[White "Kirilmaz, Emre"]
[Black "Elalmis, Husamettin"]
[Result "1-0"]
[WhiteElo "2035"]
[BlackElo "1754"]
[PlyCount "101"]
[EventDate "2019.01.27"]
[EventType "swiss"]
[EventRounds "11"]
[EventCountry "TUR"]
[SourceTitle "CBM 188 Extra"]
[Source "ChessBase"]
[SourceDate "2019.02.26"]
[SourceVersion "1"]
[SourceVersionDate "2019.02.26"]
[SourceQuality "1"]

1. d4 Nf6 2. c3 g6 3. Bg5 Bg7 4. Nd2 d5 5. e3 0-0 6. Bd3 c5 7. Ngf3 Nc6 8. dxc5 e5 9. Bb5 Qe7 10. b4 Bg4 11. h3 Bf5 12. 0-0 a5 13. a3 h6 14. Bxf6 Qxf6 15. Nb3 axb4 16. cxb4 Rfd8 17. Qe2 g5 18. Nfd2 Qg6 19. e4 Bxe4 20. Nxe4 dxe4 21. Bxc6 bxc6 22. Rfe1 f5 23. g4 Rd3 24. Na5 Rxh3 25. gxf5 Qxf5 26. Qxe4 Qf7 27. Qc4 Qd5 28. Qxd5+ cxd5 29. Kg2 Rh4 30. Rad1 d4 31. f3 g4 32. Kg3 Rh3+ 33. Kxg4 Rh2 34. c6 Rf8 35. Kg3 Rh5 36. Nc4 Rg5+ 37. Kf2 Rgf5 38. Rd3 Bf6 39. Rg1+ Kh7 40. Ke2 Bd8 41. Rg2 h5 42. a4 h4 43. b5 h3 44. Rh2 Rh5 45. b6 Bh4 46. Rxh3 e4 47. Rxd4 exf3+ 48. Rxf3 Re8+ 49. Re3 Rg8 50. Rh3 Re8+ 51. Kd3 1-0

[Event "Manavgat Turkey Cup"]
[Site "Manavgat"]
[Date "2016.02.05"]
[Round "10"]
[White "Yazici, Ugur Doga"]
[Black "Elalmis, Husamettin"]
[Result "1-0"]
[WhiteElo "1965"]
[BlackElo "1731"]
[PlyCount "43"]
[EventDate "2016.01.30"]
[EventType "swiss"]
[EventRounds "11"]
[EventCountry "TUR"]
[SourceTitle "CBM 170 Extra"]
[Source "ChessBase"]
[SourceDate "2016.02.25"]
[SourceVersion "1"]
[SourceVersionDate "2016.02.25"]
[SourceQuality "1"]

1. e4 c5 2. Nf3 d6 3. Nc3 Nf6 4. e5 Ng8 5. Bc4 e6 6. exd6 Bxd6 7. d4 cxd4 8. Qxd4 Nf6 9. Nb5 Ke7 10. Bf4 Bxf4 11. Qxf4 Na6 12. Rd1 Qa5+ 13. c3 Rd8 14. 0-0 Bd7 15. b4 Qb6 16. Rd6 Bc6 17. Re1 Kf8 18. Nbd4 Qc7 19. Rxd8+ Rxd8 20. Ne5 Nd5 21. Nxe6+ Kg8 22. Bxd5 1-0

[Event "Manavgat Turkey Cup"]
[Site "Manavgat"]
[Date "2015.02.01"]
[Round "3"]
[White "Elalmis, Husamettin"]
[Black "Ozates, Tuna"]
[Result "1/2-1/2"]
[WhiteElo "1773"]
[BlackElo "1910"]
[PlyCount "148"]
[EventDate "2015.01.31"]
[EventType "swiss"]
[EventRounds "11"]
[EventCountry "TUR"]
[SourceTitle "CBM 164 Extra"]
[Source "ChessBase"]
[SourceDate "2015.03.02"]
[SourceVersion "1"]
[SourceVersionDate "2015.03.02"]
[SourceQuality "1"]

1. Nf3 Nf6 2. g3 d5 3. Bg2 Nbd7 4. d4 e6 5. 0-0 Bd6 6. Nbd2 0-0 7. c4 b6 8. cxd5 exd5 9. e4 Nxe4 10. Nxe4 dxe4 11. Ng5 Nf6 12. Nxe4 Nxe4 13. Bxe4 Rb8 14. Qf3 f5 15. Bc6 Qf6 16. Rd1 Qg6 17. Bd5+ Kh8 18. Bf4 Bd7 19. Rac1 Rbd8 20. Bb3 Bb5 21. Kh1 Qg4 22. Qxg4 fxg4 23. Bxd6 cxd6 24. Kg2 h5 25. Bd5 Be2 26. Rd2 Rde8 27. Rc7 a6 28. Rd7 Bf3+ 29. Bxf3 gxf3+ 30. Kf1 Re6 31. d5 Ref6 32. h4 Rc8 33. Ke1 Rc1+ 34. Rd1 Rc4 35. Kd2 Re4 36. Kc3 b5 37. b3 a5 38. a3 a4 39. bxa4 Rxa4 40. Kb3 Re4 41. Rb7 Re2 42. Rf1 Rd2 43. Rxb5 Rf5 44. Kc4 Re5 45. Rb3 Re4+ 46. Kb5 Rxd5+ 47. Kc6 Rf5 48. Kxd6 Kg8 49. Rb4 Re2 50. a4 Kf7 51. Rb5 Re6+ 52. Kc7 Rff6 53. Rd1 Ra6 54. a5 Ra7+ 55. Kb8 Rfa6 56. Rdd5 Ke6 57. Rxh5 Ra8+ 58. Kb7 R8a7+ 59. Kc8 Ra8+ 60. Kc7 R8a7+ 61. Rb7 Rxa5 62. Rxa5 Rxa5 63. Rb3 Rf5 64. Kc6 Kf6 65. Kd6 g5 66. hxg5+ Kxg5 67. Ke6 Rf6+ 68. Ke5 Rf8 69. Rb6 Kg4 70. Rf6 Rxf6 71. Kxf6 Kh3 72. g4 Kg2 73. g5 Kxf2 74. g6 Ke1 1/2-1/2